000 00876cad a22001935a 4500
001 L158035
008 140130s2012 xxkdo f 000 0 eng d
035 _a(Sirsi) u158035
041 0 _aeng
110 2 _aProperty Industry Alliance
_95725
245 0 0 _aProperty data report 2013
_h[electronic resource]
260 _a[S.l.]
_bPIA
_c2012
520 _aSets out key facts relating to the UK commercial property market in 2013 including the value of the market, the relative size of the various sectors (retail, industrial and office), the average length of leases, rental levels, types of ownership and reinstatement.
590 _aNTK KA
651 4 _aUnited Kingdom
690 _aCommercial property
_96227
856 4 0 _uhttps://www.bpf.org.uk/sites/default/files/resources/Property-Data-Report-2013.pdf
_zView the research free of charge at www.bpf.org.uk
942 _n0
999 _c115091
_d115091